000 00536nam a2200181Ia 4500
008 240729s9999 xx 000 0 und d
022 _a2047-9158
245 0 _aTranslational Neurodegeneration
260 _aUnited Kingdom
260 _bBMC
650 _a Internal medicine
650 _a Neurology. Diseases of the nervous system
650 _a Neurosciences. Biological psychiatry. Neuropsychiatry
650 _aMedicine
856 _uhttps://doaj.org/toc/0f70ef545dd94edaaf55e38a369abbb8
942 _2ddc
942 _cDOAJEJ
999 _c71986
_d71986
945 _a1
_bMadushi Gamage
_c1
_dMadushi Gamage